[Event "Farum Fureso op"]
[Site "Farum"]
[Date "2016.09.23"]
[Round "1"]
[White "Andersen, Daniel"]
[Black "Christensen, Torben Brahe"]
[Result "1-0"]
[WhiteElo "1830"]
[BlackElo "1555"]
[PlyCount "91"]
[EventDate "2016.09.23"]
[EventType "swiss"]
[EventRounds "4"]
[EventCountry "DEN"]
[SourceTitle "EXT 2024"]
[Source "ChessBase"]
[SourceDate "2023.10.10"]
[SourceVersion "1"]
[SourceVersionDate "2023.10.10"]
[SourceQuality "1"]

1. c4 Nf6 2. Nc3 c5 3. Nf3 Nc6 4. e3 e6 5. d4 cxd4 6. exd4 d5 7. c5 Be7 8. Bb5 Bd7 9. 0-0 0-0 10. a3 a6 11. Bd3 b5 12. b4 Qc7 13. g3 Qd8 14. Rb1 Rb8 15. Bd2 h6 16. a4 Na7 17. axb5 Nxb5 18. Ra1 Nxc3 19. Bxc3 Bb5 20. Rxa6 Bxa6 21. Bxa6 Ne4 22. Qc2 Qc7 23. b5 Bxc5 24. dxc5 Qxc5 25. Rc1 Qxc3 26. Qxc3 Nxc3 27. Rxc3 Rfd8 28. Nd4 Rd6 29. f4 g5 30. Kf2 g4 31. Ke3 f6 32. Rc6 Rb6 33. Rxd6 Rxd6 34. Nc6 Kf8 35. Kd4 Ke8 36. Kc5 Kd7 37. Bc8+ Kc7 38. b6+ Kxc8 39. Kxd6 Kb7 40. Nd8+ Kxb6 41. Nxe6 Kb5 42. Kxd5 Kb4 43. Ke4 Kc4 44. Kf5 h5 45. Ng7 Kd5 46. Nxh5 1-0